Ceny na trzích kapitalistických států a devizové kursy čtvrtletní rekapitulace

Gespeichert in:
Bibliographische Detailangaben
Format: Buch
Sprache:Tschechisch
Veröffentlicht: Praha Výzkumný ústav pro zahraniční obchod 1980
Schriftenreihe:Ekonomická informace č. 153
Tags: Tag hinzufügen
Keine Tags, Fügen Sie das erste Tag hinzu!

MARC

LEADER 00000nam a2200000 4500
001 c142253
005 20041019155324.3
041 0 |a cze 
044 |a CZ 
245 1 0 |a Ceny na trzích kapitalistických států a devizové kursy  |b čtvrtletní rekapitulace 
264 1 |a Praha  |b Výzkumný ústav pro zahraniční obchod  |c 1980 
300 |a 21 s. 
490 1 |a Ekonomická informace  |v č. 153 
830 0 |a Ekonomická informace  |v č. 153